| 000 | 01301nac a22004217a 4500 | ||
|---|---|---|---|
| 001 | BR0400853 | ||
| 003 | BR-BrBNA | ||
| 005 | 20240105122938.0 | ||
| 008 | 230509b bl.|||m| |||| 00| 0 por d | ||
| 040 |
_aBR-BrBNA _bpor _cBiblioteca Nacional de Agricultura |
||
| 072 | _aF08; P35 | ||
| 090 | _aF08 BR0400853 | ||
| 100 | 1 | _aBernardi, A.C. de C. | |
| 100 | 1 | _aMachado, P.L.O. de A. | |
| 100 | 1 | _aFreitas, P.L. de | |
| 100 | 1 | _aCoelho, M.R. | |
| 100 | 1 | _aLeandro, W.M. | |
| 100 | 1 | _aOliveira Júnior, J.P. de | |
| 100 | 1 | _aOliveira, R.P. de | |
| 100 | 1 | _aSantos, H.G. dos | |
| 100 | 1 | _aMadari, B.E. | |
| 100 | 1 | _aCarvalho, M. da C.S. | |
| 110 | 1 |
_aEMBRAPA Solos, Rio de Janeiro, RJ (Brasil) _93741 |
|
| 245 | 1 | _aCorreção do solo e adubação no sistema de plantio direto nos Cerrados | |
| 260 | 3 |
_aRio de Janeiro, RJ (Brasil): _c2003. |
|
| 300 | _a22 p. | ||
| 490 |
_aDocumentos - EMBRAPA Solos (Brazil) _vno. 46 _xISSN 1517-2627 |
||
| 500 | _a6 tables; 8 illus.; Bibliography p. 20-22 | ||
| 650 | _aPLANTIO DIRETO | ||
| 650 | _aADUBAÇÃO | ||
| 650 | _aFERTILIDADE DO SOLO | ||
| 650 | _aIMPACTO AMBIENTAL | ||
| 650 | _aANÁLISE DO SOLO | ||
| 650 | _aAMOSTRAGEM | ||
| 650 | _aCERRADO | ||
| 909 |
_a202312 _bLúcia Elande _c55 _dLúcia Elande |
||
| 942 |
_2AGRIS _n0 _cMS |
||
| 999 |
_c293411 _d293411 |
||